000 00589nam a2200229Ia 4500
003 OSt
005 20220918192550.0
006 a|||||r|||| 00| 0
007 ta
008 220917b |||||||| |||| 00| 0 eng d
024 _a69,040
037 _cTextual
040 _aARTS
_cARTS
_beng
041 _2eng
_aeng
082 _aR3:Q:31, J01
100 _aRenard Henri
_979451
245 0 _aPhilosophy of God
260 _c1950
490 _aScience and culture texts , ed by Joseph Husslein
942 _hR3:Q:31, J01
_cTEXL
_2CC
999 _c195203
_d195203